00418nam a2200121Ia 4500001000800000005001700008008004100025020001800066245008100084260002200165999002100187952008800208127042620260417151349.0260417s9999 xx 000 0 und d a9786258317602 0aHz. Peygamber ve Çocuklar - Tüm İnsanların Peygamberi 1cVejdi Bilgin bBeyan Yayınları c1270426d1270426 00104070a1109b1109d2026-04-17l0p1109374r2026-04-17 15:13:49w2026-04-17yBK